| 000 | 00514nam a2200193Ia 4500 | ||
|---|---|---|---|
| 003 | GCL | ||
| 008 | 140319s9999 xx 000 0 eng d | ||
| 040 |
_aGCL / _cGCL |
||
| 082 | 0 | 4 |
_a291.082 _bM W |
| 100 | 1 | _aMERISSI, FATIMA | |
| 245 | 1 | 0 |
_aWOMEN AND ISLAM: AN HISTORICAL AND THEOLOGICAL ENQUIRY / _cMERISSI, FATIMA |
| 260 |
_a[S.N] : _bBLACK WELL ، _c1991 |
||
| 300 | _a228 P | ||
| 650 | 0 | 4 | _aنجد |
| 650 | 0 | 4 | _aحوادث المرور |
| 650 | 0 | 4 | _aISLAM - WOMEN |
| 650 | 0 | 4 | _aCULTURE |
| 942 |
_2ddc _cBK |
||
| 999 |
_c24546 _d24546 |
||